| 000 | 00775nam a22002411 4500 | ||
|---|---|---|---|
| 001 | 17708 | ||
| 003 | BD-RjUL | ||
| 005 | 20211209000159.0 | ||
| 008 | 140217s1955 nyu b 001 0 eng d | ||
| 035 | _a(BD-RjUL)17766 | ||
| 040 |
_aDLC _cDLC _dDLC _dBD-RjUL _beng |
||
| 041 | _aeng | ||
| 082 | 0 | 0 |
_a809 _bTRW V-2 1958 |
| 100 | 1 |
_aTrawick, Buckner B. _954583 |
|
| 245 | 1 | 0 |
_aWorld literature / _cBuckner B. Trawick, |
| 260 |
_aNew York : _bBarnes & Noble, _c1955 [reprint 1958] |
||
| 300 |
_a373p. ; _c21 cm. |
||
| 490 | 0 | _aCollege outline series, 88, 93 | |
| 504 | _aIncludes bibliographies and Index | ||
| 505 | 0 | _aVol. 2 -- Italian, French, Spanish, German and Russian literature since 1300 | |
| 650 | 0 |
_aLiterature _xHistory and criticism. _954584 |
|
| 942 |
_2ddc _cBK |
||
| 999 |
_c17708 _d17708 |
||